01240nam a2200289 a 450000500170000000800410001704000250005804100080008304400070009109000140009824501440011226000870025630000580034365000370040165000470043865000480048565000510053366200210058470000370060570000260064270000270066870000320069570000260072794200150075399900150076895201670078320151126083408.0140307b2000 ck ||||| |||| 00| 0 eng d aCO-BoIAVHcCO-BoIAVH aeng ack aLBb0265810aLatin american Falconiformes conservation assessment and management planbworking draft report ceditores Cesar Márquez Reyes [y otros 4] aBogotá (Colombia) :bProyecto Biopacífico - Colombia :bHawk Monuntain,c2000. a228 páginas :btablas, fotografías ;c28 x 22 cm. 6aFauna amenazadazLatinoamérica 4aPlanes de manejo de faunazLatinoamérica 6aFalconiformesvTaxonomíazLatinoamérica 6aFalconiformesxConservaciónzLatinoamérica cAmérica Latina1 aMárquez Reyes, CésareEditor1 aZalles, JorgeeEditor1 aStubbs, LauraeEditora1 aBildstein, Keith L.eEditor1 aEllis, SusieeEditora cINFORME2z c2869d2869 00102z40708GENERALIINV2017aBogotabBogotad2003-03-04eFranco, Ana Maríal0oLB-02658p003363r2012-12-04 00:00:00tEj. 2w2012-12-04xDonaciónyINFORME